Miasta Podlasia - Statystyki

Ogólne statystyki
  • Ten quiz został rozwiązany 184 razy
  • Średni wynik to 18 z 40
Statystyki odpowiedzi
Liczba Ludności Miasto % Poprawnych
297 585 Białystok
98%
69 786 Suwałki
91%
62 795 Łomża
86%
30 135 Augustów
85%
20 391 Hajnówka
73%
25 158 Bielsk Podlaski
70%
18 020 Sokółka
66%
21 812 Grajewo
64%
9953 Mońki
64%
22 015 Zambrów
61%
15 504 Łapy
58%
14 294 Siemiatycze
58%
10 164 Kolno
52%
5217 Sejny
50%
9319 Wysokie Mazowieckie
50%
11 717 Wasilków
48%
9234 Czarna Białostocka
46%
4593 Supraśl
46%
1974 Tykocin
42%
5933 Choroszcz
39%
5459 Dąbrowa Białostocka
39%
3024 Michałowo
34%
2348 Krynki
33%
2728 Knyszyn
32%
2163 Suchowola
31%
3739 Brańsk
30%
4593 Ciechanowiec
30%
2483 Zabłudów
30%
3353 Szczuczyn
29%
1555 Rajgród
28%
1957 Drohiczyn
27%
1230 Kleszczele
26%
989 Suraż
26%
2647 Czyżew
25%
1616 Jedwabne
25%
2283 Lipsk
25%
2150 Szepietowo
25%
2160 Nowogród
21%
1834 Goniądz
19%
2165 Stawiski
18%
Nie znaleziono quizów pasujących do podanych kryteriów
Rozkład punktacji
Procent ludzi z każdym wynikiem
Percentyl według liczby udzielonych odpowiedzi
Twoja historia wyników
Nie rozwiązałeś tego quizu